What the world is coming to. (Record no. 6216)

000 -LEADER
fixed length control field 00631nam a2200193 a 4500
001 - CONTROL NUMBER
control field :::00003959$&:&@@
003 - CONTROL NUMBER IDENTIFIER
control field OkBaRHE
005 - DATE AND TIME OF LATEST TRANSACTION
control field 20000607103315.0
008 - FIXED-LENGTH DATA ELEMENTS--GENERAL INFORMATION
fixed length control field s1977 j 000 0 eng u
020 ## - INTERNATIONAL STANDARD BOOK NUMBER
International Standard Book Number 089337007X
040 ## - CATALOGING SOURCE
Transcribing agency
100 1# - MAIN ENTRY--PERSONAL NAME
Personal name Smith, Chuck, 1927.
245 10 - TITLE STATEMENT
Title What the world is coming to.
260 ## - PUBLICATION, DISTRIBUTION, ETC. (IMPRINT)
Place of publication, distribution, etc Costa Mesa, CA., :
Name of publisher, distributor, etc Maranatha Evangelical Association of Calvary Chapel
Date of publication, distribution, etc c1977
300 ## - PHYSICAL DESCRIPTION
Extent 227 p. ;
Dimensions 21 cm.
650 ## - SUBJECT ADDED ENTRY--TOPICAL TERM
Topical term or geographic name as entry element Bible New Testament Revelation
General subdivision Commentaries
942 ## - ADDED ENTRY ELEMENTS (KOHA)
Source of classification or shelving scheme
Koha item type Books
Copies
Permanent Location Date last seen Lost status Koha item type Barcode Shelving location Date acquired Price effective from Damaged status Copy number Full call number Withdrawn status Source of classification or shelving scheme Not for loan
RHEMA Bible Training College2018-04-03 Books3959General Stacks2010-04-142010-04-14 1BS 2825.3 .S57